| 000 | 00887nac a22002657a 4500 | ||
|---|---|---|---|
| 001 | BR8103894 | ||
| 003 | BR-BrBNA | ||
| 005 | 20240105115016.0 | ||
| 008 | 230509b bl.|||m| |||| 00| 0 por d | ||
| 040 |
_aBR-BrBNA _bpor _cBiblioteca Nacional de Agricultura |
||
| 072 | _aF28 | ||
| 090 | _aF28 BR8103894 | ||
| 100 | 1 | _aCesar, F. | |
| 110 | 1 | _aEmpresa de Assistencia Tecnica e Extensao Rural do Estado de Pernambuco, Recife (Brasil) | |
| 245 | 1 | _aNocoes sobre conservacao do solo [Erosao do solo] | |
| 260 | 3 |
_aRecife, PE (Brasil): _c1981. |
|
| 300 | _a15 p. | ||
| 490 |
_aBoletim Tecnico - Empresa de Assistencia Tecnica e Extensao Rural do Estado de Pernambuco (Brazil) _vno. 28 _x |
||
| 650 | _aConservacao do solo | ||
| 650 | _aErosao do solo | ||
| 650 | _aCultivo do solo | ||
| 650 | _aSolo | ||
| 909 |
_a202312 _bLúcia Elande _c55 _dLúcia Elande |
||
| 942 |
_2AGRIS _n0 _cMS |
||
| 999 |
_c272535 _d272535 |
||